000 00732nam a2200241Ia 4500
008 100315s9999 xx 000 0 und d
020 _a05666024357 
040 _cENGLISH 
082 _b7531 
_a658.3134 
100 _a"Pepper, Allan D. "
245 _aManaging the Training and Development Function
260 _aEngland 
_bGower  
_c1984 
300 _a320 
365 _eRupees 
_d
_b0.00 
366 _f
505 _gRamakant Amar Navghare 
530 _bDonated By RBI Library  
620 _a"HRM,Training and development, HRD. "
630 _aManaging the Training and Development Function
650 _aHRM 
730 _aManaging the Training and Development Function
942 _cBOOK
999 _c482266
_d482263